Red de fibra optica a nivel nacional
Na minha lista:
| Autor principal: | |
|---|---|
| Formato: | Livro |
| Publicado em: |
San José, C.R.
1996
|
| Assuntos: | |
| Tags: |
Adicionar Tag
Sem tags, seja o primeiro a adicionar uma tag!
|
MARC
| LEADER | 00000nam a2200000Ia 4500 | ||
|---|---|---|---|
| 003 | 008045 | ||
| 005 | 20221231144237.0 | ||
| 008 | 140114s1996 cr a m 000 ||s d | ||
| 040 | |c cru CEDI | ||
| 090 | |a TFG 3533 | ||
| 100 | |a Kopper Barquero, Luis Diego |9 5697 | ||
| 245 | |a Red de fibra optica a nivel nacional | ||
| 260 | |c 1996 |a San José, C.R. | ||
| 300 | |a viii, 63 hojas : ilustraciones, 2 mapas | ||
| 500 | |a Tesis (bachiller en ingeniería eléctrica)--Universidad de Costa Rica. Facultad de Ingeniería. Escuela de Ingeniería Eléctrica | ||
| 650 | |x FIBRA OPTICA |x SISTEMAS DE TELECOMUNICACION |9 8785 | ||
| 942 | |c TFG | ||
| 999 | |c 18969 |d 18969 | ||
